000 01528nam a2200217Ia 4500
999 _c40381
_d40381
003 OSt
005 20210215110341.0
008 160316s2014 xxu||||| |||| 00| 0 eng d
020 _a9788132117759
040 _cn
082 _a307.760954
_bAHL
100 _aAhluwalia Isher Judge
245 _aUrbanisation in India : Challenges, opportunities and the way forward
260 _aNew Delhi
_bSage Publications
_c2014
300 _a337p
_cxix
365 _bRs. 895
505 _aTable of contents Preface; Challenges of Urbanisation in India: An Overview - Isher Judge Ahluwalia, Ravi Kanbur and P K Mohanty; I: URBAN PLANNING, INFRASTRUCTURE AND SUSTAINABILITY; Urban Infrastructure and Service Delivery - Isher Judge Ahluwalia; Planning and Markets for Urban Development in India - Isher Judge Ahluwalia and P K Mohanty; Sustainable Urban Living - Montek S Ahluwalia and Ajay Mathur; II: FINANCE AND GOVERNANCE; A Municipal Financing Framework - P K Mohanty; Market Worthiness and Urban Local Governments - Jessica Seddon; The Practice of PPP in Urban Infrastructure - Anand Sahasranaman and Vikram Kapur; Governance and Fiscal Federalism - Govinda Rao and Richard Bird; III: INCLUSION AND GOVERNANCE; Generating Demand for Good Governance - Samuel Paul; Integrating Redevelopment of Slums in City Planning - Bimal Patel and V K Phatak; Affordable Housing in Urban India - Deepak Parekh; Index
650 _a1. Urbanization - India2. Urban Policy
700 _aKanbur Ravi
_aMohanty P K
942 _2ddc
_cBK